| 000 | 00991cam a2200289 a 4500 | ||
|---|---|---|---|
| 001 | 652878 | ||
| 003 | OSt | ||
| 005 | 20150408114150.0 | ||
| 008 | 940616s2013 nyua 001 0 eng | ||
| 010 | _a 94022288 | ||
| 020 |
_a9781587142734: _c$50.00 |
||
| 040 |
_aDLC _cDLC _dDLC |
||
| 050 | 0 | 0 |
_aTK5105.5 _b.B5653 1995 |
| 082 | 0 | 0 |
_a004.62 _222 _bWRN |
| 100 | 1 |
_aWolter, Ralf _939569 |
|
| 245 | 1 | 0 |
_aNetwork management standards : _bAccounting and performance strategies / _cRalf Wolter |
| 250 | _a2nd ed. | ||
| 260 |
_aNew York : _bMcGraw-Hill, _c2013 |
||
| 300 |
_axvi, 351 p. : _bill. ; _c24 cm. |
||
| 440 | 0 |
_aMcGraw-Hill series on computer communications _939570 |
|
| 500 | _aIncludes index. | ||
| 650 | 0 |
_aComputer networks _xManagement. _93532 |
|
| 650 | 0 |
_aComputer network protocols _xStandards. _939571 |
|
| 906 |
_a7 _bcbc _corignew _d1 _eocip _f19 _gy-gencatlg |
||
| 942 |
_2ddc _cBOOK |
||
| 999 |
_c31982 _d266482 |
||